Future Megacities - Sudden Death - Statistics

General Stats
  • This quiz has been taken 45 times
  • The average score is 3 of 14
Answers on the Grid
Answers color-coded by a green-red scale on the quiz's grid according to % correct below.
Accra
Antananarivo
Belo Horizonte
Benin City
Berlin
Chicago
Chittagong
Chongqing
Detroit
Giza
Kaduna
Kalyoubia
Kigali
Lima
London
Maputo
Mosul
Nagpur
Ouagadougou
Paris
Philadelphia
Phnom Penh
Rawalpindi
Riyadh
Seam Reab
Shenzhen
Yaounde
Zaria
 
Answer Stats
Answer % Correct
Accra
71%
Chittagong
43%
Antananarivo
36%
Benin City
36%
Chicago
21%
Lima
21%
Ouagadougou
21%
Paris
21%
Kigali
14%
Shenzhen
14%
Giza
7%
Maputo
7%
Phnom Penh
7%
Kaduna
0%
No matching quizzes found
Score Distribution
Percent of People with Each Score
Percentile by Number Answered
Your Score History
You have not taken this quiz